Watson's Clinical Nursing and Related Sciences (Record no. 5629)

MARC details
000 -LEADER
fixed length control field 00890cam a22003014a 4500
001 - CONTROL NUMBER
control field 12659874
003 - CONTROL NUMBER IDENTIFIER
control field OSt
005 - DATE AND TIME OF LATEST TRANSACTION
control field 20170420190204.0
008 - FIXED-LENGTH DATA ELEMENTS--GENERAL INFORMATION
fixed length control field 020125s2002 stka b 001 0 eng
010 ## - LIBRARY OF CONGRESS CONTROL NUMBER
LC control number 2002001338
020 ## - INTERNATIONAL STANDARD BOOK NUMBER
International Standard Book Number 9780702028250
035 ## - SYSTEM CONTROL NUMBER
System control number (DNLM)101136564
040 ## - CATALOGING SOURCE
Original cataloging agency DNLM/DLC
Transcribing agency DLC
Modifying agency DLC
042 ## - AUTHENTICATION CODE
Authentication code pcc
050 00 - LIBRARY OF CONGRESS CALL NUMBER
Classification number RT65
Item number .W38 2002
060 10 - NATIONAL LIBRARY OF MEDICINE CALL NUMBER
Classification number WY 150
Item number W3422 2002
082 ## - DEWEY DECIMAL CLASSIFICATION NUMBER
Classification number WY 100
Item number W331m 2007
100 ## - MAIN ENTRY--PERSONAL NAME
Personal name Edited by Walsh, Mike; Crumbie, Alison
9 (RLIN) 12111
245 00 - TITLE STATEMENT
Title Watson's Clinical Nursing and Related Sciences
250 ## - EDITION STATEMENT
Edition statement 7th ed.
260 ## - PUBLICATION, DISTRIBUTION, ETC. (IMPRINT)
Place of publication, distribution, etc. Edinburgh ;
Name of publisher, distributor, etc. Bailliere Tindall,
Date of publication, distribution, etc. 2007.
300 ## - PHYSICAL DESCRIPTION
Extent xix, 1038 p. :
Other physical details col.ill ;
Dimensions 28 cm.
504 ## - BIBLIOGRAPHY, ETC. NOTE
Bibliography, etc Includes bibliographical references and index.
650 #0 - SUBJECT ADDED ENTRY--TOPICAL TERM
Topical term or geographic name as entry element Nursing.
9 (RLIN) 135
650 12 - SUBJECT ADDED ENTRY--TOPICAL TERM
Topical term or geographic name as entry element Nursing science
9 (RLIN) 6212
906 ## - LOCAL DATA ELEMENT F, LDF (RLIN)
a 7
b cbc
c orignew
d 1
e ecip
f 20
g y-gencatlg
942 ## - ADDED ENTRY ELEMENTS (KOHA)
Source of classification or shelving scheme Other/Generic Classification Scheme
Koha item type Open Shelf
Holdings
Withdrawn status Lost status Source of classification or shelving scheme Damaged status Not for loan Home library Current library Date acquired Source of acquisition Inventory number Total Checkouts Full call number Barcode Date last seen Koha item type
    Other/Generic Classification Scheme     MUST Main Library MUST Main Library 02/03/2017   11/34852   WY 100 W331m 2007 2017-0317 02/03/2017 Open Shelf